| 000 | 01147nam0a22003131 4500 | ||
|---|---|---|---|
| 001 | v19\rc\1827792 | ||
| 005 | 20250619135321.0 | ||
| 035 | _a(NLR Aleph) 004924165 | ||
| 090 |
_a5610145 _c5610145 |
||
| 100 | _a20071224d1908 |||y0rusy50 ca | ||
| 101 | 0 | _arus | |
| 102 | _aRU | ||
| 105 | _aa z |||a| | ||
| 200 | 1 |
_aКавказские воспоминания _eИз рассказов бабушки ст. внукам _fЕ. Балобанова _gРис. Н. Некрасова и Е. Гарнак |
|
| 205 | _a2-е изд. | ||
| 210 |
_aСанкт-Петербург _cО.Н. Попова _d1908 |
||
| 215 |
_a68 с. _cил. _d18 |
||
| 225 | 1 | _aБиблиотека наших детей | |
| 316 |
_aЭкземпляр РНБ (34.50.1.519): утрачен _5NLR: 34.50.1.519 |
||
| 700 | 1 |
_aБалобанова _bЕ.В. _f1847-1927 _gЕкатерина Вячеславовна |
|
| 702 | 1 |
_aНекрасов _bН. _4440 |
|
| 702 | 1 |
_aГарнак _bЕ.Е. _4440 |
|
| 801 | 0 |
_aRU _bNLR _gpsbo |
|
| 801 | 0 |
_aRU _bRuMoRGB _2psbo |
|
| 801 | 1 |
_aRU _bProSoft-M _2rusmarc |
|
| 852 |
_aNLR _j34.50.1.519 |
||
| 899 | _aБАН | ||
| 942 | _cBOOK | ||
| 980 | _aNB | ||